[Event "Tilburg"]
[Site "Tilburg"]
[Date "1983.??.??"]
[Round "?"]
[White "Vaganian, Rafael A"]
[Black "Karpov, Anatoly"]
[Result "1/2-1/2"]
[WhiteElo "2620"]
[BlackElo "2710"]

1.c4 c5 2.Nc3 g6 3.g3 Bg7 4.Bg2 Nc6 5.e3 e6 6.Nge2 Nge7 7.d4 cxd4 8.Nxd4 Nxd4
9.exd4 O-O 10.O-O d5 11.cxd5 Nxd5 12.Nxd5 exd5 13.Be3  1/2-1/2

[Event "Tilburg"]
[Site "Tilburg"]
[Date "1983.??.??"]
[Round "?"]
[White "Portisch, Lajos"]
[Black "Sosonko, Gennadi"]
[Result "1/2-1/2"]
[WhiteElo "2600"]
[BlackElo "2575"]

1.d4 Nf6 2.c4 e6 3.Nf3 b6 4.e3 Bb7 5.Bd3 c5 6.O-O Be7 7.b3 O-O 8.Bb2 cxd4
9.exd4 d5 10.Qe2 Nc6 11.Nbd2 Rc8 12.Rac1 Re8 13.Rfd1 Bf8 14.h3 g6 15.Qe3 Bg7
16.Ne5 dxc4 17.bxc4 Ne7 18.Ndf3 h6 19.g4 Qc7 20.g5 hxg5 21.Nxg5 Nf5 22.Bxf5 exf5
23.Ngxf7 Qxf7 24.Nxf7 Rxe3 25.fxe3 Kxf7 26.a4 Bh6 27.Rd3 Ba6 28.d5 Nxd5 29.Rxd5 Bxe3+
30.Kh2 Bf4+ 31.Kg1 Bxc1 32.Bxc1 Rxc4 33.Bg5 Ke6 34.Rd8 Rxa4 35.Re8+ Kd5 36.Rg8 Ke4
37.Re8+ Kd5 38.Rd8+ Ke4 39.Re8+ Kd5  1/2-1/2

[Event "Tilburg"]
[Site "Tilburg"]
[Date "1983.??.??"]
[Round "?"]
[White "Spassky, Boris V"]
[Black "Sosonko, Gennadi"]
[Result "1/2-1/2"]
[WhiteElo "2605"]
[BlackElo "2575"]

1.Nf3 Nf6 2.c4 b6 3.d4 e6 4.g3 Bb7 5.Bg2 Be7 6.O-O O-O 7.Nc3 Ne4 8.Nxe4 Bxe4
9.b3 d5 10.cxd5 Qxd5 11.Bb2 Nd7 12.Ne1 Bxg2 13.Nxg2 Nf6 14.Rc1 Rac8 15.Qc2 c5
16.Rfd1 Qb7 17.Qb1 cxd4 18.Bxd4 Rxc1 19.Rxc1 Rc8 20.Rxc8+ Qxc8 21.Ne3 h6
22.Qc2 Qxc2 23.Nxc2 Kf8 24.f3 h5 25.Kf2 Nd7 26.e4 g6 27.Ne3 Bc5  1/2-1/2

[Event "Tilburg"]
[Site "Tilburg"]
[Date "1983.??.??"]
[Round "?"]
[White "Van der Wiel, John TH"]
[Black "Sosonko, Gennadi"]
[Result "1/2-1/2"]
[WhiteElo "2515"]
[BlackElo "2575"]

1.e4 e5 2.Nf3 Nc6 3.Bb5 g6 4.d4 exd4 5.Bg5 Be7 6.Bxe7 Ngxe7 7.Nxd4 d5 8.Nc3 dxe4
9.Nxc6 Qxd1+ 10.Rxd1 bxc6 11.Bc4 Bf5 12.h3 h5 13.O-O O-O 14.Rfe1 Rad8 15.Rxd8 Rxd8
16.Nxe4 Rd4 17.Ng5 Rxc4 18.Rxe7 Rxc2 19.Nxf7 Rxb2 20.Nh6+ Kf8 21.Nxf5 gxf5
22.Rxc7 Rxa2 23.Rxc6 Kg7 24.g3 Ra4 25.Kg2 h4 26.gxh4 Rxh4 27.Ra6 Rb4 28.Rxa7+ Kg6
29.Kg3 Kg5 30.h4+ Kg6 31.f3 Rc4 32.Ra6+ Kh5 33.Ra8 Kg6 34.Rg8+ Kf7 35.Rh8 Kg7
36.Rh5  1/2-1/2